El telediario : un proceso informativo, análisis e historia /
Guardado en:
| Hovedforfatter: | |
|---|---|
| Format: | Bog |
| Sprog: | spansk |
| Udgivet: |
Barcelona, España :
Mitre,
1985, c1985
|
| Serier: | (Nuevos Signos)
|
| Fag: | |
| Tags: |
Ingen Tags, Vær først til at tagge denne postø!
|
MARC
| LEADER | 00000nam^a2200000^a^4500 | ||
|---|---|---|---|
| 001 | 000023858 | ||
| 005 | 20250521000000.0 | ||
| 009 | 20260310084551.638 | ||
| 020 | |a 84-86153-95-6 | ||
| 037 | |a Acervo ITESO - Biblioteca | ||
| 041 | |a ESP | ||
| 082 | |a 302. 2342120946 |b AGU | ||
| 100 | |a Aguilera, Miguel de |e (autor) | ||
| 245 | 1 | 3 | |a El telediario : |b un proceso informativo, análisis e historia / |c M. de Aguilera. |
| 264 | 4 | |a Barcelona, España : |b Mitre, |c 1985, c1985 | |
| 300 | |a 257 p. | ||
| 336 | |a texto |b txt |2 rdacontenido | ||
| 337 | |a sin mediación |b n |2 rdamedio | ||
| 338 | |a volumen |b nc |2 rdasoporte | ||
| 440 | 1 | |a (Nuevos Signos) | |
| 649 | |a XX | ||
| 650 | |a Noticieros - |z España - |x Historia | ||
| 650 | |a Géneros Televisivos - |z España - |x Historia | ||
| 650 | |a Periodismo Televisivo - |z España - |x Historia | ||
| 650 | |a Televisión - |z España - |x Historia - |y Franquismo, 1939-1975 | ||
| 650 | |a Televisión - |z España - |x Historia - |y Juan Carlos I, 1975-2014 | ||
| 650 | |a Televisión - |z España - |x Historia - |y Siglo XX | ||
| 650 | |a Medios Audiovisuales - |z España - |x Historia | ||
| 650 | |a Medios de Comunicación - |z España - |x Historia | ||
| 650 | |a Comunicación Masiva - |z España - |x Historia | ||
| 910 | |a Fondo General | ||
| 920 | |a Impresos - Libros | ||
| 930 | |a Colección General | ||
| 905 | |a 101 | ||
| 901 | |a 0238580100 |b IT1 |c ACC |i 023858 |u 20250521 | ||
| 902 | |a https://opac.biblio.iteso.mx/vufind/Record/000023858 | ||